logo

Bir Sreshtho Munshi Abdur Rouf Library
Jhenaidah Cadet College

As You Like It / (Record no. 11720)

MARC details
000 -LEADER
fixed length control field 00658nam a2200229 a 4500
001 - CONTROL NUMBER
JCCL Control Number 11720
003 - CONTROL NUMBER IDENTIFIER
JCCL marc code BD-JhCC
005 - DATE AND TIME OF LATEST TRANSACTION
control field 20200809114334.0
008 - FIXED-LENGTH DATA ELEMENTS--GENERAL INFORMATION
fixed length control field 200809r20132016ii a|||| ||a| 001 0 eng d
020 ## - INTERNATIONAL STANDARD BOOK NUMBER
International Standard Book Number 9789382563204
035 ## - SYSTEM CONTROL NUMBER
system control number (BD-JhCC)11720
040 ## - CATALOGING SOURCE
Original cataloging agency BD-JhCC
Modifying agency BD-JhCC
041 ## - LANGUAGE CODE
Language code of Book eng
082 ## - DEWEY DECIMAL CLASSIFICATION NUMBER
Classification number 822.33
Author mark and Year DUS 2016
100 ## - MAIN ENTRY--PERSONAL NAME
Personal name Dusinberre, Juliet
245 ## - TITLE STATEMENT
Title As You Like It /
Statement of responsibility, etc Juliet Dusinberre .
260 ## - PUBLICATION, DISTRIBUTION, ETC. (IMPRINT)
Place of publication, distribution, etc India:
Name of publisher, distributor, etc New Delhi;
Date of publication, distribution, etc 2016.
300 ## - PHYSICAL DESCRIPTION
Pagination 449 p. :
Other physical details ill;
Dimensions 22 cm.
651 ## - SUBJECT ADDED ENTRY--GEOGRAPHIC NAME
Geographic name Fathers and daughters
General subdivision Exiles
Chronological subdivision Shakespeare, William, 1564-1616
Geographic subdivision As you like it (Shakespeare, William)
942 ## - ADDED ENTRY ELEMENTS (KOHA)
Source of classification or shelving scheme Dewey Decimal Classification
Koha item type Books
Holdings
Source of classification or shelving scheme Damaged status Not for loan Home library Current library Shelving location Date of accession Cost, normal purchase price Total Checkouts Full call number Barcode Date last seen Date checked out Copy number Koha item type
Dewey Decimal Classification     JCC Rouf Library JCC Rouf Library General Stacks 08/09/2020 585.00 5 822.33 DUS 2016 15964 11/05/2025 10/29/2025 C-1 Books

JCC Library | Contacts | JCC Home

Last Update on 23 September 2017
Copyright @ 2017-2020 JCC Rouf Library
Rouf Library, Jhenidah Cadet College (JCC), Bangladesh